Частотно-регулируемый электропривод переменного тока. Лабораторный стенд; Электротехника, электромеханика и электротехнологии

Detaylı Bibliyografya
Parent link:Электротехника, электромеханика и электротехнологии.— 2002.— С. 47.
Yazar: Плешанов Е. Н.
Diğer Yazarlar: Зайцев А. Н. (научный руководитель)
Dil:Rusça
Baskı/Yayın Bilgisi: 2002
Konular:
Materyal Türü: MixedMaterials Kitap Bölümü
KOHA link:https://koha.lib.tpu.ru/cgi-bin/koha/opac-detail.pl?biblionumber=90996

MARC

LEADER 00000naa2a2200000 4500
001 90996
005 20231031103830.0
035 |a (RuTPU)RU\TPU\book\97568 
090 |a 90996 
100 |a 20060218d2002 k y0rusy50 ca 
101 0 |a rus 
102 |a RU 
200 1 |a Частотно-регулируемый электропривод переменного тока. Лабораторный стенд  |f Е. Н. Плешанов  |g науч. рук. А. Н. Зайцев 
463 0 |0 (RuTPU)RU\TPU\book\68512  |t Электротехника, электромеханика и электротехнологии  |o Труды Второй региональной научно-практической студенческой конференции, Томск, 4-7 июня 2002 г.  |f Томский политехнический университет; Электротехнический институт  |v С. 47.  |d 2002  |p 146 с. 
610 1 |a электроприводы 
610 1 |a переменный ток 
610 1 |a лабораторные стенды 
610 1 |a модели 
610 1 |a частотно-регулируемое управление 
610 1 |a микропроцессоры 
610 1 |a труды учёных ТПУ 
700 1 |a Плешанов  |b Е. Н. 
702 1 |a Зайцев  |b А. Н.  |4 727 
801 1 |a RU  |b 63413507  |c 20060218  |g PSBO 
801 2 |a RU  |b 63413507  |c 20090731  |g PSBO 
942 |c BK